| 000 | 00515nam a2200193 a 4500 | ||
|---|---|---|---|
| 001 | 1772189679058 | ||
| 003 | YourLibrary | ||
| 005 | 20260227162634.0 | ||
| 008 | 260227s2009##################000#0#eng## | ||
| 020 | _a9780199564439 | ||
| 082 | 0 | 4 |
_a324.2 _bWAR |
| 100 | 1 |
_aWare, Alan, _eauthor. |
|
| 245 | 1 | 0 | _aThe Dynamics of Two-Party Politics : |
| 260 |
_bOxford University Press, _c2009. |
||
| 300 | _a177 pages | ||
| 650 | 0 | _aPolitical Science. | |
| 942 | _cENGLISH | ||
| 040 |
_aYourLibrary _beng _cYourLibrary |
||
| 999 |
_c616037 _d616037 |
||